Super Bowl Wins by Number - Statistics

General Stats
  • This quiz has been taken 571 times
  • The average score is 15 of 18
Answer Stats
# of Super Bowl Wins Team % Correct
6 Pittsburgh Steelers
98%
3 New England Patriots
96%
5 Dallas Cowboys
93%
5 San Francisco 49ers
92%
4 Green Bay Packers
90%
3 New York Giants
89%
2 Denver Broncos
86%
2 Miami Dolphins
85%
1 Baltimore Ravens
84%
1 New York Jets
84%
3 Oakland Raiders
84%
1 Kansas City Chiefs
83%
1 St. Louis Rams
83%
1 Chicago Bears
81%
2 Indianapolis Colts
80%
3 Washington Redskins
80%
1 New Orleans Saints
77%
1 Tampa Bay Buccaneers
76%
No matching quizzes found
Score Distribution
Percent of People with Each Score
Percentile by Number Answered
Your Score History
You have not taken this quiz